000 00602nam a2200205Ii 4500
003 JO-AjNU
008 230606s9999||||xx |||||||||||||| ||und||
020 _a81-7169-290-7
040 _aJO-AjNU
_beng
_erda
_cJO-AjNU
041 _aeng
050 1 4 _aLB2343 2008
100 3 _aSingh,Raj,
_eauthor
_9375
245 0 0 _aEducational And Vocational Guidance
264 3 1 _aNew Delhi:Commonwealth Publishers,2008
300 _a451P
336 _atext
_btxt
_2rdacontent
337 _aunmediated
_bn
_2rdamedia
338 _avolume
_bnc
_2rdacarrier
650 4 _aEducational counseling-Vocational guidance
_9376
999 _aE199
_c199
_d199